| 000 -LEADER |
| fixed length control field |
00488nam a22001457a 4500 |
| 005 - DATE AND TIME OF LATEST TRANSACTION |
| control field |
20231016105901.0 |
| 008 - FIXED-LENGTH DATA ELEMENTS--GENERAL INFORMATION |
| fixed length control field |
231016s1973 ru ||||| |||| 00| 0 rus d |
| 041 ## - LANGUAGE CODE |
| Language code of text/sound track or separate title |
rus |
| 080 ## - UNIVERSAL DECIMAL CLASSIFICATION NUMBER |
| Universal Decimal Classification number |
75(493) C-28 |
| 100 ## - MAIN ENTRY--PERSONAL NAME |
| Personal name |
Седова Т.А. |
| 9 (RLIN) |
20082 |
| 245 ## - TITLE STATEMENT |
| Title |
Художественные музеи Бельгии / |
| Statement of responsibility, etc. |
Т.А. Седова. |
| 300 ## - PHYSICAL DESCRIPTION |
| Extent |
224 стр.; |
| Other physical details |
17 см. |
| 653 ## - INDEX TERM--UNCONTROLLED |
| keyword |
ხელოვნების მუზეუმები ბელგიაში |
| 942 ## - ADDED ENTRY ELEMENTS (KOHA) |
| Source of classification or shelving scheme |
|
| Koha item type |
წიგნი |